| Tag |
First Indicator |
Second Indicator |
Subfields |
| LEADER |
00000cam a2200000 a 4500 |
| 001 |
in00000031179 |
| 005 |
20151007060322.0 |
| 008 |
871026s1986 gw b 00110 ger |
| 010 |
|
|
|a 87100946
|
| 020 |
|
|
|a 347610205X
|
| 035 |
|
|
|a (OCoLC)14628148
|
| 035 |
|
|
|9 AAC0568AM
|
| 040 |
|
|
|a DLC
|c DLC
|d TXA
|d UtOrBLW
|
| 043 |
|
|
|a e-gx---
|
| 049 |
|
|
|a TXAM
|c [A11683313]
|
| 050 |
0 |
0 |
|a PT1413.D5
|b W57 1986
|
| 082 |
0 |
|
|a 831/.1/09351
|2 19
|
| 100 |
1 |
|
|a Wisniewski, Roswitha,
|d 1926-
|
| 245 |
1 |
0 |
|a Mittelalterliche Dietrichdichtung /
|c Roswitha Wisniewski.
|
| 264 |
|
1 |
|a Stuttgart :
|b Metzler,
|c [1986]
|
| 264 |
|
4 |
|c ©1986
|
| 300 |
|
|
|a xi, 281 pages ;
|c 19 cm.
|
| 336 |
|
|
|a text
|b txt
|2 rdacontent
|
| 337 |
|
|
|a unmediated
|b n
|2 rdamedia
|
| 338 |
|
|
|a volume
|b nc
|2 rdacarrier
|
| 490 |
0 |
|
|a Sammlung Metzler : Realien zur Literatur,
|x 0558-3667 ;
|v Bd. 205
|
| 504 |
|
|
|a Includes bibliographies and index.
|
| 650 |
|
0 |
|a German literature
|y Middle High German, 1050-1500
|x History and criticism.
|
| 600 |
0 |
0 |
|a Dietrich,
|c von Bern
|x Romance
|x History and criticism.
|
| 999 |
|
|
|a MARS
|
| 999 |
f |
f |
|s 613fe483-1227-3902-89d8-661b522e95ab
|i 351024f0-0ccf-30fc-b6a2-98230c35aaeb
|t 0
|
| 952 |
f |
f |
|p ric
|a Texas A&M University
|b Rellis Campus
|c Joint Library Facility
|d Remote Storage
|t 0
|e PT1413.D5 W57 1986
|h Library of Congress classification
|i unmediated -- volume
|m A14811683313
|
| 998 |
f |
f |
|a PT1413.D5 W57 1986
|t 0
|l Remote Storage
|